Statystyki dla 100 najlepiej podających zawodników w EA FC 24

Kliknij tutaj aby rozwiązać quiz!

Ogólne statystyki

  • Ten quiz został rozwiązany 29 razy
  • Średni wynik to 58 z 100

Statystyki odpowiedzi

PodaniaNarodowośćKlubZawodnik% Poprawnych
90ArgentynaInter MiamiLionel Messi
96%
94BelgiaManchester CityKevin de Bruyne
93%
89ChorwacjaReal MadrytLuka Modrić
93%
90PortugaliaManchester UnitedBruno Fernandes
89%
88NorwegiaArsenalMartin Odegaard
89%
90NiemcyReal MadrytToni Kroos
89%
87FrancjaAtletico MadrytAntoine Griezmann
85%
86PortugaliaManchester CityBernardo Silva
85%
86HolandiaFC BarcelonaFrenkie de Jong
85%
89DaniaManchester UnitedChristian Eriksen
81%
84AngliaBayernHarry Kane
81%
85PortugaliaFC BarcelonaJoao Cancelo
81%
87WłochyPSGMarco Verratti
81%
85ArgentynaRomaPaulo Dybala
81%
86HiszpaniaLiverpoolThiago Alcantara
81%
84UrugwajReal MadrytFederico Valverde
78%
85HiszpaniaLazioLuis Alberto
78%
82AngliaManchester CityPhil Foden
78%
90AngliaLiverpoolTrent Alexander-Arnold
78%
90HiszpaniaVillarrealDani Parejo
74%
84ChorwacjaSevillaIvan Rakitić
74%
88NiemcyBayernJoshua Kimmich
74%
82HiszpaniaFC BarcelonaPedri
74%
86ArgentynaBenficaAngel di Maria
70%
83AustriaReal MadrytDavid Alaba
70%
84WęgryLiverpoolDominik Szoboszlai
70%
86TurcjaInter MediolanHakan Calhanoglu
70%
84NiemcyFC BarcelonaIlkay Gundogan
70%
86AngliaNewcastleKieran Trippier
70%
81EgiptLiverpoolMohamed Salah
70%
85BrazyliaAl-HilalNeymar
70%
83UkrainaArsenalOleksandr Zinchenko
70%
81PolskaNapoliPiotr Zieliński
70%
86PortugaliaAl-HilalRuben Neves
70%
86AngliaTottenhamJames Maddison
67%
85HiszpaniaAtletico MadrytKoke
67%
83NiemcyBorussia DortmundMarco Reus
67%
81FrancjaReal BetisNabil Fekir
67%
81AlgieriaAl-AhliRiyad Mahrez
67%
81SłowacjaNapoliStanislav Lobotka
67%
85BelgiaAston VillaYouri Tielemans
67%
82SzkocjaLiverpoolAndrew Robertson
63%
85SerbiaFenerbahceDusan Tadić
63%
84AngliaManchester CityJack Grealish
63%
84WłochyArsenalJorginho
63%
82SerbiaAl-HilalSergej Milinković-Savić
63%
83NiemcyBayernThomas Muller
63%
83FrancjaChelseaChristopher Nkunku
59%
81WłochySassuoloDomenico Berardi
59%
83HiszpaniaBayer LeverkusenGrimaldo
59%
84NiemcyBorussia DortmundJulian Brandt
59%
81ChorwacjaAl-NassrMarcelo Brozović
59%
83ArgentynaSevillaMarcos Acuna
59%
82ChorwacjaManchester CityMateo Kovacić
59%
82WłochyInter MediolanNicolo Barella
59%
84FrancjaJuventusPaul Pogba
59%
81BrazyliaNewcastleBruno Guimaraes
56%
83NiemcyBayer LeverkusenFlorian Wirtz
56%
81AlgieriaAC MilanIsmael Bennacer
56%
83FrancjaAl-IttihadKarim Benzema
56%
81NiemcyBayernLeon Goretzka
56%
81HolandiaAtletico MadrytMemphis Depay
56%
85PortugaliaBayernRaphael Guerreiro
56%
83ArgentynaAtletico MadrytRodrigo de Paul
56%
81WłochyNewcastleSandro Tonali
56%
83FrancjaAtletico MadrytThomas Lemar
56%
82GhanaArsenalThomas Partey
56%
82ArgentynaLiverpoolAlexis Mac Allister
52%
82HiszpaniaRB LipskDani Olmo
52%
83MarokoGalatasarayHakim Ziyech
52%
82AngliaManchester UnitedLuke Shaw
52%
82SerbiaJuventusFilip Kostić
48%
82SzwajcariaBayer LeverkusenGranit Xhaka
48%
82HiszpaniaInter MiamiJordi Alba
48%
83WłochyRomaLorenzo Pellegrini
48%
83AngliaChelseaReece James
48%
82SzwecjaRB LipskEmil Forsberg
44%
81GruzjaNapoliKhvicha Kvaratskhelia
44%
81FrancjaPSGOusmane Dembele
44%
82HolandiaAjaxSteven Berghuis
44%
82BrazyliaAston VillaDouglas Luiz
41%
83ArgentynaTottenhamGiovani Lo Celso
41%
83TurcjaBenficaOrkun Kokcu
41%
82NiemcyBrightonPascal Gross
41%
81HiszpaniaPSGMarco Asensio
37%
82AngliaManchester UnitedMason Mount
37%
82HiszpaniaReal SociedadMikel Merino
37%
83WłochyFreiburgVincenzo Grifo
37%
82ArgentynaAl-ShababEver Banega
33%
85AngliaWest HamJames Ward-Prowse
33%
83NiemcyEintrachtMario Gotze
30%
83FrancjaMontpellierTeji Savanier
30%
83NiemcyBayer LeverkusenJonas Hofmann
19%
82HiszpaniaMallorcaSergi Darder
19%
82FrancjaRennesBenjamin Bourigeaud
15%
82PortugaliaGalatasaraySergio Oliveira
11%
82HiszpaniaReal SociedadBrais Mendez
7%
83HolandiaPSVJoey Veerman
7%
83WłochyInter MediolanStefano Sensi
7%
82HolandiaAjaxBranco van den Boomen
4%

Rozkład punktacji

Percentyl według liczby udzielonych odpowiedzi

Procent ludzi z każdym wynikiem

Twoja historia wyników

Nie rozwiązałeś tego quizu